000 01153nac a22003737a 4500
001 BR2010002735
003 BR-BrBNA
005 20240105123846.0
008 230509b bl.|||m| |||| 00| 0 por d
040 _aBR-BrBNA
_bpor
_cBiblioteca Nacional de Agricultura
072 _aH60; F01
090 _a0336 BR2010002735
100 1 _aMarchi, G.
100 1 _aMarchi, E.C.S.
100 1 _aIkeda, F.S.
100 1 _aGazziero, D.L.P.
100 1 _aPires, N.L.
110 1 _aEMBRAPA Cerrados, Planaltina, DF (Brasil)
245 1 _aManejo de plantas daninhas na safrinha: banco de sementes e produção de soja
260 3 _aPlanaltina, DF (Brasil):
_c2009.
300 _a21 p.
490 _aBoletim de Pesquisa e Desenvolvimento - EMBRAPA Cerrados (Brazil)
_vno. 260
_xISSN 1676-918X
500 _aSummaries (En, Pt); 5 tables; 31 ref.
650 _aSOJA
650 _aERVA DANINHA
650 _aSAFRINHA
650 _aPRODUÇÃO DE SEMENTES
650 _aPLANTA TRANSGÊNICA
650 _aPRODUTIVIDADE
650 _aHERBICIDA
650 _aATRAZINA
909 _a202312
_bLúcia Elande
_c55
_dLúcia Elande
942 _2AGRIS
_n0
_cMS
999 _c297288
_d297288